000 00715nam a2200229 a 4500
003 MX-MxUPN
005 20240805103313.0
008 991125s1910 mx r 000 0 spa d
035 _aUPN01000045328
040 _aMX-MxUPN
_bspa
_cMX-MxUPN
041 0 _aspa
050 1 4 _aPQ7297 D55
_bD5.6
100 1 _aDíaz Mirón, Salvador,
_d1853-1928
_930957
245 1 0 _aPoesías completas :
_b1876-1928
260 _aMéxico :
_bARS,
_c1910
300 _a275 páginas
490 0 _aAutores clásicos mexicanos. Serie 1. Poesía
650 4 _aPoesía mexicana
_91273
710 2 _aInstituto Federal de Capacitación del Magisterio (México)
_928505
_epropietario anterior
904 _aAC
_b045330
942 _2lcc
_cLIBRO
999 _c45328
_d45328